000 00619nam a22002057a 4500
003 BD-DhJNU
005 20241007065145.0
008 241007b |||||||| |||| 00| 0 eng d
020 _a9788131710005
040 _aBD-DhJNU
_bENG
_cBD-DhJNU
_dBD-DhJNU
082 _223
_a621.3822 PRD
100 _aProakis, John G.
245 _aDigital signal processing /
_cJohn G. Proakis and Dimitris G. Manolakis
250 _a4th ed
260 _aIndia :
_bPearson,
_c2024.
300 _axix, 1136p. :
_bill. ;
_c24 cm.
504 _aIncludes index
650 _aPrzetwarzanie sygnałów techniki cyfrowe
942 _2ddc
_cBK
_n0
999 _c825
_d825